000 00473nam a2200181Ia 4500
001 1266
005 20260306140619.0
008 260306t2009||||xx |||||||||||||| ||spa||
041 _aESP
082 _a190
_bL88A
100 _aLópez Quintás, Alfonso
_eAUT
245 0 _aCuatro personalistas en busca de sentido:
_b(Ebner, Guardini, Marcel, Laín)
260 _c2009
300 _a237 páginas :
_c22 cm.
650 _aGEN
654 _aCHU
942 _cLIB
_dJUS
_fJUS
_2ddc
_n
999 _c1266
_d1266